| 000 | 01553nam a2200433 i 4500 | ||
|---|---|---|---|
| 001 | 291 | ||
| 003 | KOSZ 005 | ||
| 005 | 20200124081503.0 | ||
| 008 | 200124s1971 pl a f f 000 0 pol | ||
| 015 | _aPB 1971/8398 | ||
| 035 | _a991038163979705066 | ||
| 035 | _a(PL-WaBN)b20222476-48omnis_nlop | ||
| 035 | _ab20222476 | ||
| 035 | _a(OCoLC)830910516 | ||
| 035 | _a(PL)b0000002022247 | ||
| 035 | _a(EXLNZ-48OMNIS_NETWORK)9910504074405606 | ||
| 040 |
_aWA N _cWA N _dKOSZ 005/RW |
||
| 046 | _k1971 | ||
| 080 | _a624.1 | ||
| 100 | 1 |
_aCzarnota-Bojarski, Roman _d(1909-1978) _eAutor |
|
| 245 | 1 | 0 |
_aMechanika gruntów i fundamentowanie. _nCz. 2 / _cRoman Czarnota-Bojarski ; Wyższe Zawodowe Studia Techniczne dla Pracujących. |
| 260 |
_aWarszawa : _bWydawnictwa Politechniki Warszawskiej, _c1971. |
||
| 300 |
_a284 strony : _bilustracje ; _c24 cm. |
||
| 336 |
_aTekst _btxt _2rdacontent |
||
| 337 |
_aBez urządzenia pośredniczącego _bn _2rdamedia |
||
| 338 |
_aWolumin _bnc _2rdacarrier |
||
| 380 | _aKsiążki | ||
| 380 | _aPublikacje dydaktyczne | ||
| 388 | _a1901-2000 | ||
| 504 | _aBibliografia na stronach [283]-284. | ||
| 650 | 7 |
_aFundamenty _2DBN |
|
| 650 | 7 |
_aMechanika gruntów _2DBN |
|
| 655 | 7 |
_aPodręczniki akademickie _2DBN |
|
| 658 | _aArchitektura i budownictwo | ||
| 710 | 2 |
_aOficyna Wydawnicza Politechniki Warszawskiej _4pbl |
|
| 856 |
_uhttp://koha.tu.koszalin.pl/cgi-bin/koha/opac-detail.pl?biblionumber=291 _yKatalog online BPK |
||
| 942 |
_2UKD _cKS |
||
| 999 |
_c291 _d291 |
||